Historias con perros y gatos /

Guardado en:
Autor Principal: Clemente, Horacio
Otros Autores: Arias, Leo; il.
Formato: Libro
Publicado: Buenos Aires : Estrada, 2013
Series:Azulejos. Naranja ; 45
Materias:
Etiquetas: Agregar Etiqueta
Sin Etiquetas, Sea el primero en etiquetar este registro!
LEADER 01022nam a22002535a 4500
001 CEM.cems015432
005 20191205163832.0
008 130507s2013##################000#0#####d
003 CEMS
020 |a 9789500115346 
082 0 4 |a A868.4 
100 1 |a Clemente, Horacio 
245 1 0 |a Historias con perros y gatos /  |c Horacio Clemente ; ilustrado Por Leo Arias 
260 |a Buenos Aires :  |b Estrada,  |c 2013 
300 |a 96 p. 
490 0 |a Azulejos. Naranja ; 45 
505 0 |a Historias con animales -- Perros y gatos -- El autor -- La luna que le ladraba al perro -- Perro grande, gato chico -- El gato que se conocía a sí mismo -- El perro que era todo un hombre -- El perrito que no quería equivocarse -- El gato que se portaba mal 
653 |a Literatura 
653 |a Literatura argentina 
653 |a Literatura infantil 
653 |a Cuentos infantiles 
653 |a Colección ciencias de la educación 
700 1 |a Arias, Leo; il. 
859 |a CEMS  |b BIB. CEMS - Ccias. Educacion  |h A868.4  |i C591-1  |k CE  |p 28872.19  |t Ej.1